<?xml version="1.0" encoding="UTF-8"?>
<resp>
  <nextPage>https://data.bn.org.pl/api/networks/bibs.marcxml?marc=001+b00001150003313&amp;sinceId=1150003314</nextPage>
  <collection>
    <record xmlns='http://www.loc.gov/MARC21/slim'><leader>01194namZa2200361ZiZ4500</leader><controlfield tag='001'>b00001150003313</controlfield><controlfield tag='005'>20241203214410.5</controlfield><controlfield tag='008'>230609s        pl           |000 0 pol c</controlfield><controlfield tag='009'>9913262274905606</controlfield><datafield ind1=' ' ind2=' ' tag='020'><subfield code='a'>8308013120</subfield></datafield><datafield ind1=' ' ind2=' ' tag='035'><subfield code='a'>KR_1KR_1_20120317231334069431-48omnis_kr</subfield></datafield><datafield ind1=' ' ind2=' ' tag='035'><subfield code='a'>KR_1_20120317231334069431</subfield><subfield code='9'>ExL</subfield></datafield><datafield ind1=' ' ind2=' ' tag='035'><subfield code='a'>(PL)b00001150003313</subfield></datafield><datafield ind1=' ' ind2=' ' tag='040'><subfield code='a'>KR_1</subfield><subfield code='c'>KR_1</subfield></datafield><datafield ind1='0' ind2=' ' tag='041'><subfield code='a'>pol</subfield></datafield><datafield ind1='1' ind2=' ' tag='100'><subfield code='a'>Mrożek, Sławomir</subfield><subfield code='d'>(1930- )</subfield></datafield><datafield ind1='1' ind2='0' tag='245'><subfield code='a'>Tango ; Woda /</subfield><subfield code='c'>Sławomir Mrożek.</subfield></datafield><datafield ind1=' ' ind2=' ' tag='260'><subfield code='a'>Kraków ;</subfield><subfield code='a'>Wrocław :</subfield><subfield code='b'>Wydaw. Literackie,</subfield><subfield code='c'>1984.</subfield></datafield><datafield ind1=' ' ind2=' ' tag='300'><subfield code='a'>97, [3] s. ;</subfield><subfield code='c'>20 cm.</subfield></datafield><datafield ind1='1' ind2=' ' tag='490'><subfield code='a'>Biblioteka Lektur Szkolnych</subfield></datafield><datafield ind1=' ' ind2=' ' tag='500'><subfield code='a'>d</subfield></datafield><datafield ind1=' ' ind2='9' tag='650'><subfield code='a'>Dramat polski</subfield><subfield code='y'>20 w.</subfield></datafield><datafield ind1=' ' ind2='9' tag='650'><subfield code='a'>Słuchowisko radiowe</subfield></datafield><datafield ind1=' ' ind2=' ' tag='852'><subfield code='b'>48OMNIS_NETWORK</subfield><subfield code='8'>9913262274905606</subfield></datafield><datafield ind1=' ' ind2=' ' tag='852'><subfield code='b'>48OMNIS_MBPG</subfield><subfield code='8'>991002467109708210</subfield></datafield><datafield ind1=' ' ind2=' ' tag='852'><subfield code='b'>48OMNIS_KR</subfield><subfield code='8'>991000033119708216</subfield></datafield><datafield ind1=' ' ind2=' ' tag='852'><subfield code='b'>48OMNIS_TL</subfield><subfield code='8'>991000017229908218</subfield></datafield><datafield ind1=' ' ind2=' ' tag='852'><subfield code='8'>22799657950008210</subfield><subfield code='j'>1</subfield><subfield code='b'>F11</subfield><subfield code='p'>10142895</subfield><subfield code='c'>UBYTKI_F11</subfield></datafield><datafield ind1=' ' ind2=' ' tag='852'><subfield code='8'>22799657930008210</subfield><subfield code='j'>1</subfield><subfield code='b'>F13</subfield><subfield code='p'>10512956</subfield><subfield code='c'>UBYTKI_F13</subfield></datafield><datafield ind1=' ' ind2=' ' tag='852'><subfield code='8'>226409350008218</subfield><subfield code='j'>1</subfield><subfield code='b'>TL_3_1</subfield><subfield code='p'>R04463</subfield><subfield code='c'>TL_3_1_1</subfield></datafield><datafield ind1=' ' ind2=' ' tag='920'><subfield code='a'>83-08-01312-0</subfield></datafield></record>
  </collection>
</resp>
